How well do you know ME? - Statistics

General Stats
  • This quiz has been taken 14 times
  • The average score is 12 of 15
Answer Stats
Question Answer % Correct
How many siblings do I have? 1
100%
What is my middle name? Alice
100%
What is my zodiac sign? Aries/Taurus Cusp
100%
What style of dancing have I never done? Ballroom
100%
What is my favourite animal? Cat
100%
Who is not one of my male celeb crushes? Drake
100%
Where am I from? Perth, Australia
100%
What is my favourite musical film? Rocky Horror Picture Show
100%
What is not one of my favourite bands? The 1975
100%
What is my favourite colour? Yellow
100%
What is not one of my favourite TV shows? Riverdale
67%
What is my favourite food? Chocolate
33%
What is my favourite season? Fall/Autumn
33%
Who is not one of my female celeb crushes? Lucy Hale
33%
Which is not one of my all time favourite songs? Like a Prayer- Madonna
0%
No matching quizzes found
Score Distribution
Percent of People with Each Score
Percentile by Number Answered
Your Score History
You have not taken this quiz